[Event "Barcelona Sant Marti op-B 21st"]
[Site "Barcelona"]
[Date "2019.07.20"]
[Round "8"]
[White "Monterrubio Polidura, Roberto"]
[Black "Marquinez Costa, Victor"]
[Result "0-1"]
[WhiteElo "1594"]
[BlackElo "1742"]
[PlyCount "66"]
[EventDate "2019.07.13"]
[EventType "swiss"]
[EventRounds "9"]
[EventCountry "ESP"]
[SourceTitle "EXT 2020"]
[Source "ChessBase"]
[SourceDate "2019.10.17"]
[SourceVersion "1"]
[SourceVersionDate "2019.10.17"]
[SourceQuality "1"]

1. d4 e6 2. Bf4 d5 3. Nf3 c5 4. e3 Nc6 5. c3 Qb6 6. Qc2 Nf6 7. h3 Bd7 8. Nbd2 Rc8 9. Qb1 cxd4 10. exd4 Ne7 11. a4 Ng6 12. Bh2 a5 13. Bd3 Be7 14. 0-0 0-0 15. Ne5 Bd6 16. f4 Bb8 17. Ndf3 Bc6 18. g4 Ne4 19. Qc2 f6 20. Nxg6 hxg6 21. Nd2 Bd7 22. Nxe4 dxe4 23. Bxe4 f5 24. Bg2 Qxd4+ 25. Qf2 Qxf2+ 26. Kxf2 Ba7+ 27. Kg3 b5 28. axb5 Bxb5 29. Rfe1 Bc4 30. Rxa5 Bb8 31. Bg1 fxg4 32. hxg4 Rxf4 33. Bd4 Rxd4+ 0-1

[Event "Barcelona Sant Marti op-B 21st"]
[Site "Barcelona"]
[Date "2019.07.13"]
[Round "1"]
[White "Hernandez Mediavilla, Juan Jose"]
[Black "Marquinez Costa, Victor"]
[Result "0-1"]
[WhiteElo "1311"]
[BlackElo "1742"]
[PlyCount "50"]
[EventDate "2019.07.13"]
[EventType "swiss"]
[EventRounds "9"]
[EventCountry "ESP"]
[SourceTitle "EXT 2020"]
[Source "ChessBase"]
[SourceDate "2019.10.17"]
[SourceVersion "1"]
[SourceVersionDate "2019.10.17"]
[SourceQuality "1"]

1. e4 e6 2. d4 d5 3. exd5 exd5 4. Bd3 Nf6 5. h3 Bd6 6. Nf3 0-0 7. 0-0 b6 8. Be3 Ba6 9. Nc3 c6 10. a3 Bxd3 11. Qxd3 Nbd7 12. b4 Qc7 13. b5 c5 14. dxc5 Nxc5 15. Bxc5 Qxc5 16. Rfd1 Rad8 17. Qd4 Qc7 18. Qd3 Rfe8 19. Kf1 Bc5 20. Na4 Be7 21. Qc3 Qf4 22. Qd4 Ne4 23. Nc3 Bc5 24. Qa4 Qf6 25. Nxe4 dxe4 0-1

[Event "Barcelona 150 aniversity 5"]
[Site "Barcelona"]
[Date "2019.06.21"]
[Round "9.4"]
[White "Marquinez Costa, Victor"]
[Black "Babayan, Andranik"]
[Result "0-1"]
[WhiteElo "1735"]
[BlackElo "1746"]
[PlyCount "102"]
[EventDate "2019.04.26"]
[EventType "swiss"]
[EventRounds "9"]
[EventCountry "ESP"]
[SourceTitle "EXT 2024"]
[Source "ChessBase"]
[SourceDate "2023.10.10"]
[SourceVersion "1"]
[SourceVersionDate "2023.10.10"]
[SourceQuality "1"]

1. d4 d5 2. c4 e6 3. Nc3 Nf6 4. e3 c6 5. Nf3 Nbd7 6. cxd5 cxd5 7. Bd3 a6 8. 0-0 Bd6 9. b3 0-0 10. a4 b6 11. Ba3 Bxa3 12. Rxa3 Qe7 13. Ra2 Qb4 14. Qc2 Bb7 15. Qb2 Rac8 16. Ne2 Ne4 17. Qa3 Qxa3 18. Rxa3 Rc7 19. Rd1 Rfc8 20. Kf1 Ndf6 21. h3 Nc3 22. Nxc3 Rxc3 23. Ne5 Ne4 24. f3 Nd6 25. Ke2 R8c7 26. Kd2 f6 27. Ng4 h5 28. Nf2 e5 29. Rda1 e4 30. Bb1 a5 31. Nd1 Rc1 32. R3a2 Ba6 33. Bc2 R7xc2+ 34. Rxc2 Rxa1 35. Rc6 Ra2+ 36. Kc1 Nf5 37. fxe4 dxe4 38. g4 hxg4 39. hxg4 Ne7 40. Rxb6 Bd3 41. Nb2 Nd5 42. Rb8+ Kf7 43. Ra8 Nxe3 44. Rxa5 Nf1 45. Nc4 e3 46. Nxe3 Nxe3 47. Rc5 Nxg4 48. Rc7+ Ke6 49. Rxg7 Rc2+ 50. Kd1 Ne3+ 51. Ke1 Re2# 0-1

[Event "Barcelona Tres Peons 48th"]
[Site "Barcelona"]
[Date "2019.02.22"]
[Round "7.5"]
[White "Castillo Rosa, Jose Luis"]
[Black "Marquinez Costa, Victor"]
[Result "1/2-1/2"]
[WhiteElo "1517"]
[BlackElo "1759"]
[PlyCount "70"]
[EventDate "2019.01.11"]
[EventType "swiss"]
[EventRounds "8"]
[EventCountry "ESP"]
[SourceTitle "EXT 2024"]
[Source "ChessBase"]
[SourceDate "2023.10.10"]
[SourceVersion "1"]
[SourceVersionDate "2023.10.10"]
[SourceQuality "1"]

1. e4 e6 2. Nf3 b6 3. d4 d5 4. Bd3 Ba6 5. e5 Bxd3 6. Qxd3 Qd7 7. Nbd2 c5 8. c3 Ne7 9. Nh4 Nbc6 10. Ndf3 h6 11. g3 g5 12. Ng2 cxd4 13. cxd4 Nb4 14. Qe2 Rc8 15. Ne3 Nf5 16. 0-0 Nxe3 17. fxe3 Be7 18. a3 Nc6 19. Bd2 Qb7 20. Rac1 Kd7 21. h3 a6 22. Nh2 Rcf8 23. Qg4 h5 24. Qf3 Rh6 25. g4 h4 26. Qe2 f6 27. Nf3 fxe5 28. Rxc6 Rxf3 29. Rfc1 Rg3+ 30. Kh2 Bd6 31. Bb4 Qxc6 32. Rxc6 Kxc6 33. Bxd6 Kxd6 34. Qxa6 Rf6 35. Qxb6+ Kd7 1/2-1/2

[Event "Barcelona Tres Peons 48th"]
[Site "Barcelona"]
[Date "2019.01.25"]
[Round "3.1"]
[White "Vargas Drechsler, Carlos"]
[Black "Marquinez Costa, Victor"]
[Result "1-0"]
[WhiteElo "1895"]
[BlackElo "1759"]
[PlyCount "101"]
[EventDate "2019.01.11"]
[EventType "swiss"]
[EventRounds "8"]
[EventCountry "ESP"]
[SourceTitle "EXT 2024"]
[Source "ChessBase"]
[SourceDate "2023.10.10"]
[SourceVersion "1"]
[SourceVersionDate "2023.10.10"]
[SourceQuality "1"]

1. e4 e6 2. d4 d5 3. Nc3 Nf6 4. Bg5 h6 5. Bh4 g5 6. Bg3 dxe4 7. f3 Bb4 8. Be5 Nbd7 9. a3 Bxc3+ 10. bxc3 Nxe5 11. dxe5 Qxd1+ 12. Rxd1 Nd7 13. h4 Rg8 14. fxe4 g4 15. Ne2 Nxe5 16. Nd4 Bd7 17. Bb5 c6 18. Ba4 0-0-0 19. 0-0 Be8 20. Rb1 a6 21. Bb3 c5 22. Nxe6 c4 23. Nxd8 cxb3 24. Rxb3 Kxd8 25. Rxb7 Rg6 26. Rd1+ Kc8 27. Re7 Re6 28. Rxe6 fxe6 29. Rd6 Bd7 30. Rxa6 g3 31. Ra8+ Kc7 32. Rh8 Ng4 33. Rg8 e5 34. a4 Nf6 35. Rxg3 Bxa4 36. Rg6 Nxe4 37. Rxh6 Kd7 38. Rh7+ Kd8 39. h5 Bxc2 40. Rg7 Ke8 41. h6 Kf8 42. g4 Nd6 43. c4 Nf7 44. g5 Be4 45. Kf2 Bc6 46. Ke3 Ba8 47. c5 Bd5 48. Rg6 Bg2 49. h7 Bh3 50. Rg8+ Ke7 51. g6 1-0

[Event "Barcelona Tres Peons-E 47th"]
[Site "Barcelona"]
[Date "2018.06.08"]
[Round "7.1"]
[White "Marquinez Costa, Victor"]
[Black "Orriols Codina, Joan"]
[Result "1-0"]
[WhiteElo "1717"]
[BlackElo "1695"]
[PlyCount "75"]
[EventDate "2018.04.27"]
[EventType "tourn"]
[EventRounds "9"]
[EventCountry "ESP"]
[SourceTitle "EXT 2024"]
[Source "ChessBase"]
[SourceDate "2023.10.10"]
[SourceVersion "1"]
[SourceVersionDate "2023.10.10"]
[SourceQuality "1"]

1. d4 Nf6 2. c4 c5 3. d5 b5 4. b3 g6 5. Bb2 Bg7 6. Qc2 bxc4 7. bxc4 0-0 8. Nd2 d6 9. e3 e5 10. Ne2 Nbd7 11. Ng3 Rb8 12. Be2 Ba6 13. a4 Ne8 14. 0-0 f5 15. f3 f4 16. exf4 Rxf4 17. Nde4 Qe7 18. Bc1 Rf7 19. a5 h6 20. Bd2 Nef6 21. Rab1 Rff8 22. Nxf6+ Nxf6 23. Qxg6 Qf7 24. Qxf7+ Kxf7 25. Nf5 Rbd8 26. Nxh6+ Bxh6 27. Bxh6 Rh8 28. Bg5 Rdg8 29. f4 e4 30. Rb3 Nxd5 31. cxd5 Bxe2 32. Rb7+ Kg6 33. Re1 Bc4 34. g4 Bxd5 35. Rd7 Ba8 36. Rxd6+ Kf7 37. Rd7+ Ke6 38. Red1 1-0

[Event "Barcelona Tres Peons-E 47th"]
[Site "Barcelona"]
[Date "2018.05.25"]
[Round "5.2"]
[White "Marquinez Costa, Victor"]
[Black "Perez Cuadrado, Eduardo"]
[Result "1-0"]
[WhiteElo "1717"]
[BlackElo "1740"]
[PlyCount "73"]
[EventDate "2018.04.27"]
[EventType "tourn"]
[EventRounds "9"]
[EventCountry "ESP"]
[SourceTitle "EXT 2024"]
[Source "ChessBase"]
[SourceDate "2023.10.10"]
[SourceVersion "1"]
[SourceVersionDate "2023.10.10"]
[SourceQuality "1"]

1. d4 d5 2. c4 c6 3. e3 Nf6 4. Nc3 Bf5 5. Nf3 e6 6. Be2 Nbd7 7. Nh4 Bg6 8. Nxg6 hxg6 9. cxd5 exd5 10. Bf3 Bd6 11. g3 Qe7 12. Qe2 Ne4 13. Nxe4 dxe4 14. Bg2 Nf6 15. a3 a5 16. Qc2 0-0 17. Bd2 Rfc8 18. Bc3 b5 19. 0-0 Rab8 20. Bxa5 c5 21. dxc5 Rxc5 22. Qb3 Rbc8 23. Rad1 Rc2 24. Bc3 Re2 25. Qxb5 Rc2 26. Qb3 Re2 27. Ra1 Qa7 28. Qd1 Qa6 29. Re1 Rxe1+ 30. Qxe1 Qa4 31. Qd1 Qc4 32. Qxd6 Qe2 33. Qd1 Qc4 34. Qd4 Qe2 35. Qd1 Qc4 36. a4 Nd5 37. Qd4 1-0

[Event "Barcelona Primavera La Lira op 11th"]
[Site "Barcelona"]
[Date "2018.04.19"]
[Round "2"]
[White "Marquinez Costa, Victor"]
[Black "Romero Gamez, Francisco Javier"]
[Result "1-0"]
[WhiteElo "1717"]
[BlackElo "1542"]
[PlyCount "75"]
[EventDate "2018.04.12"]
[EventType "swiss"]
[EventRounds "9"]
[EventCountry "ESP"]
[SourceTitle "CBM 184 Extra"]
[Source "ChessBase"]
[SourceDate "2018.06.28"]
[SourceVersion "1"]
[SourceVersionDate "2018.06.28"]
[SourceQuality "1"]

1. d4 Nf6 2. c4 e6 3. Nc3 Bb4 4. Nf3 Bxc3+ 5. bxc3 b6 6. Ba3 Bb7 7. e3 d6 8. Bd3 Nbd7 9. Qc2 Qe7 10. e4 e5 11. 0-0 0-0 12. Rae1 Rfe8 13. Nd2 Nf8 14. f4 exf4 15. Rxf4 Ng6 16. Rff1 c5 17. d5 Ne5 18. Nf3 Nfd7 19. Bc1 Nxf3+ 20. Rxf3 Ne5 21. Rf4 f6 22. Bf1 Ba6 23. Qa4 Bc8 24. Qd1 Bd7 25. h3 h6 26. Re3 Rad8 27. Rg3 Nf7 28. Bd3 Qe5 29. Qf1 Kf8 30. Bd2 Ng5 31. h4 Nf7 32. Qf2 Qe7 33. Be2 f5 34. Bh5 Kg8 35. exf5 Kh8 36. f6 gxf6 37. Bxf7 Qxf7 38. Rxf6 1-0

[Event "Barcelona Tres Peons 47th"]
[Site "Barcelona"]
[Date "2018.02.23"]
[Round "7.3"]
[White "Marquinez Costa, Victor"]
[Black "Martin Valentin, Francesco"]
[Result "1/2-1/2"]
[WhiteElo "1717"]
[BlackElo "1761"]
[PlyCount "84"]
[EventDate "2018.01.12"]
[EventType "swiss"]
[EventRounds "8"]
[EventCountry "ESP"]
[SourceTitle "EXT 2024"]
[Source "ChessBase"]
[SourceDate "2023.10.10"]
[SourceVersion "1"]
[SourceVersionDate "2023.10.10"]
[SourceQuality "1"]

1. d4 Nf6 2. c4 e5 3. dxe5 Ng4 4. Nf3 Bc5 5. e3 Nc6 6. a3 a5 7. Qd5 Qe7 8. Nc3 Ngxe5 9. Nxe5 Nxe5 10. Be2 d6 11. 0-0 0-0 12. b3 Nc6 13. Bb2 Be6 14. Qf3 Ne5 15. Qg3 f6 16. Rad1 Rab8 17. Ne4 Bb6 18. f4 Nd7 19. b4 axb4 20. axb4 Bf5 21. Nc3 Qxe3+ 22. Qxe3 Bxe3+ 23. Kh1 Rfe8 24. Bf3 Nb6 25. Bd5+ Nxd5 26. Nxd5 c6 27. Nc3 Rbd8 28. h3 Bb6 29. Rfe1 Rxe1+ 30. Rxe1 Kf7 31. Na4 Bc7 32. Bd4 d5 33. cxd5 Rxd5 34. Bc5 Rd7 35. g4 Be6 36. f5 Bd5+ 37. Kg1 Bd6 38. Rd1 Bxc5+ 39. Nxc5 Re7 40. b5 g6 41. b6 gxf5 42. gxf5 Bc4 1/2-1/2

[Event "Barcelona Tres Peons 47th"]
[Site "Barcelona"]
[Date "2018.02.09"]
[Round "5.8"]
[White "Cabello Llopis, Joan Emili"]
[Black "Marquinez Costa, Victor"]
[Result "0-1"]
[WhiteElo "1867"]
[BlackElo "1717"]
[PlyCount "100"]
[EventDate "2018.01.12"]
[EventType "swiss"]
[EventRounds "8"]
[EventCountry "ESP"]
[SourceTitle "EXT 2024"]
[Source "ChessBase"]
[SourceDate "2023.10.10"]
[SourceVersion "1"]
[SourceVersionDate "2023.10.10"]
[SourceQuality "1"]

1. e4 e6 2. d3 d5 3. Nd2 Nf6 4. Ngf3 dxe4 5. dxe4 Bc5 6. Bd3 Nc6 7. a3 a6 8. 0-0 b5 9. Nb3 Bb6 10. Bg5 h6 11. Bh4 g5 12. Bg3 Nh5 13. Be5 f6 14. Nfd4 Nxe5 15. Qxh5+ Ke7 16. Kh1 Bxd4 17. Nxd4 Qxd4 18. Rad1 Nxd3 19. Rxd3 Qxe4 20. Rfd1 a5 21. Re3 Qf5 22. Rf3 Qh7 23. Rc3 Ra7 24. Qe2 Qf5 25. Qe3 Rb7 26. Qd2 Qd5 27. Rd3 Qc6 28. Rd8 Re8 29. Qd3 f5 30. Rd4 Kf6 31. b4 axb4 32. axb4 Ra7 33. c4 bxc4 34. Rxc4 Qd6 35. Rd4 Qe7 36. Qc3 Kg6 37. h3 Ra6 38. Rc4 Qf6 39. Qc1 Rd8 40. Re1 Bb7 41. Rxc7 Bd5 42. Qe3 Rda8 43. b5 Ra1 44. Rcc1 Rxc1 45. Qxc1 Ra2 46. Qc8 Rxf2 47. Qg8+ Kh5 48. Rg1 Rb2 49. Qc8 Qe7 50. Qc1 Rxb5 0-1

[Event "Barcelona Tres Peons 47th"]
[Site "Barcelona"]
[Date "2018.01.26"]
[Round "3.6"]
[White "Marquinez Costa, Victor"]
[Black "Vargas Drechsler, Carlos"]
[Result "1-0"]
[WhiteElo "1717"]
[BlackElo "2130"]
[PlyCount "65"]
[EventDate "2018.01.12"]
[EventType "swiss"]
[EventRounds "8"]
[EventCountry "ESP"]
[SourceTitle "EXT 2024"]
[Source "ChessBase"]
[SourceDate "2023.10.10"]
[SourceVersion "1"]
[SourceVersionDate "2023.10.10"]
[SourceQuality "1"]

1. d4 d5 2. c4 e6 3. Nc3 c6 4. e3 Nf6 5. Nf3 Nbd7 6. Bd3 dxc4 7. Bxc4 b5 8. Be2 a6 9. 0-0 Bb7 10. Qc2 c5 11. dxc5 Bxc5 12. Rd1 Qb6 13. a3 0-0 14. b4 Be7 15. Bb2 Rfc8 16. Rac1 a5 17. bxa5 Rxa5 18. Qb1 Nc5 19. Nd4 Ba6 20. Bf3 e5 21. Nf5 Bf8 22. Nd5 Nxd5 23. Bxd5 g6 24. Ng3 Bg7 25. Ne4 Nxe4 26. Qxe4 Ra4 27. Qf3 Rc7 28. Bb3 Bb7 29. Rd8+ Bf8 30. Qd1 Rxc1 31. Bxc1 Qc6 32. Bd5 Qc7 33. Bxb7 1-0

[Event "Barcelona Tres Peons 47th"]
[Site "Barcelona"]
[Date "2018.01.19"]
[Round "2.3"]
[White "Cespedes Llaverias, Llibert"]
[Black "Marquinez Costa, Victor"]
[Result "1-0"]
[WhiteElo "2110"]
[BlackElo "1717"]
[PlyCount "39"]
[EventDate "2018.01.12"]
[EventType "swiss"]
[EventRounds "8"]
[EventCountry "ESP"]
[SourceTitle "EXT 2024"]
[Source "ChessBase"]
[SourceDate "2023.10.10"]
[SourceVersion "1"]
[SourceVersionDate "2023.10.10"]
[SourceQuality "1"]

1. e4 e6 2. d4 d5 3. Nd2 dxe4 4. Nxe4 b6 5. Nf3 Nd7 6. Bb5 Bb7 7. Ne5 c6 8. Nxc6 Bxc6 9. Bxc6 Rc8 10. Bb5 h6 11. Bf4 Ngf6 12. Nd6+ Bxd6 13. Bxd6 Nd5 14. c4 Nc7 15. Ba4 Qg5 16. 0-0 a6 17. Bc6 b5 18. Bb7 Rb8 19. Qf3 Qd8 20. Qc6 1-0

[Event "Barcelona Vila Gracia op 10th"]
[Site "Barcelona"]
[Date "2016.09.30"]
[Round "1.6"]
[White "Gallart Zafra, Jaume"]
[Black "Marquinez Costa, Victor"]
[Result "1-0"]
[WhiteElo "2125"]
[BlackElo "1735"]
[PlyCount "73"]
[EventDate "2016.09.30"]
[EventType "swiss"]
[EventRounds "9"]
[EventCountry "ESP"]
[SourceTitle "EXT 2024"]
[Source "ChessBase"]
[SourceDate "2023.10.10"]
[SourceVersion "1"]
[SourceVersionDate "2023.10.10"]
[SourceQuality "1"]

1. e4 e6 2. d4 d5 3. Nd2 Nf6 4. e5 Nfd7 5. Bd3 c5 6. c3 Qb6 7. Ne2 Nc6 8. Nf3 Be7 9. 0-0 cxd4 10. cxd4 Nb4 11. Bb1 a5 12. Re1 Qa7 13. Nf4 b6 14. h4 Ba6 15. Ng5 Bxg5 16. hxg5 g6 17. Qg4 Nf8 18. g3 Rc8 19. Qd1 Qc7 20. Qa4+ b5 21. Qa3 Nd7 22. Bd2 Nc6 23. Qd3 Qb6 24. Be3 Ke7 25. Kg2 b4 26. Qd1 Na7 27. Bc2 Nb5 28. Bb3 Bb7 29. f3 Qa6 30. Nd3 Qa7 31. Ba4 Bc6 32. Rc1 Qb6 33. Rh1 Na7 34. Bb3 Nb5 35. Rh4 Nc7 36. Qh1 a4 37. Bd1 1-0

[Event "Barcelona Tres Peons-F 45th"]
[Site "Barcelona"]
[Date "2016.05.20"]
[Round "6.5"]
[White "Iglesias Lopez, Albert"]
[Black "Marquinez Costa, Victor"]
[Result "1-0"]
[WhiteElo "1770"]
[BlackElo "1764"]
[PlyCount "143"]
[EventDate "2016.04.15"]
[EventType "swiss"]
[EventRounds "9"]
[EventCountry "ESP"]
[SourceTitle "EXT 2024"]
[Source "ChessBase"]
[SourceDate "2023.10.10"]
[SourceVersion "1"]
[SourceVersionDate "2023.10.10"]
[SourceQuality "1"]

1. e4 e6 2. d4 d5 3. e5 c5 4. c3 Qb6 5. Nf3 Bd7 6. Be2 Bb5 7. 0-0 Nc6 8. Be3 cxd4 9. cxd4 Nge7 10. Nc3 Bxe2 11. Qxe2 Nf5 12. Rac1 a6 13. Qd2 Nxe3 14. fxe3 Be7 15. Na4 Qb4 16. Qxb4 Bxb4 17. a3 Ba5 18. Nc5 Nd8 19. Rc2 h6 20. Rfc1 Bb6 21. Na4 Ba7 22. Nd2 b5 23. Nc5 0-0 24. Nd7 Re8 25. Nb3 Re7 26. Rc7 Bb8 27. Nxb8 Rxc7 28. Rxc7 Rxb8 29. Kf2 Ra8 30. Na5 Kf8 31. Ke2 Ke8 32. Kd2 Rb8 33. b4 g5 34. g4 Rb6 35. Ke2 Kf8 36. Kf3 Rb8 37. Kg3 Kg7 38. h4 gxh4+ 39. Kxh4 Kg6 40. Nb3 f6 41. exf6 Kxf6 42. Kh5 Nb7 43. Nc5 Nxc5 44. dxc5 Rd8 45. Kxh6 Rh8+ 46. Rh7 Rg8 47. g5+ Rxg5 48. Rf7+ Kxf7 49. Kxg5 Ke7 50. Kg6 e5 51. Kf5 d4 52. exd4 exd4 53. Ke4 Kd7 54. Kxd4 Kc6 55. Kc3 Kd5 56. Kd3 a5 57. Ke3 a4 58. Kd3 Ke5 59. Ke3 Kd5 60. Kf4 Kc4 61. c6 Kb3 62. c7 Kxa3 63. c8Q Kxb4 64. Qf8+ Kb3 65. Qf7+ Ka3 66. Qe7+ b4 67. Ke3 Kb3 68. Qe6+ Kb2 69. Qe5+ Ka3 70. Qa1+ Kb3 71. Kd3 a3 72. Qb1+ 1-0

[Event "Barcelona Tres Peons-F 45th"]
[Site "Barcelona"]
[Date "2016.04.29"]
[Round "3.3"]
[White "Marquinez Costa, Victor"]
[Black "Sanfeliu Lopez, Jaume"]
[Result "1/2-1/2"]
[WhiteElo "1764"]
[BlackElo "1745"]
[PlyCount "104"]
[EventDate "2016.04.15"]
[EventType "swiss"]
[EventRounds "9"]
[EventCountry "ESP"]
[SourceTitle "EXT 2024"]
[Source "ChessBase"]
[SourceDate "2023.10.10"]
[SourceVersion "1"]
[SourceVersionDate "2023.10.10"]
[SourceQuality "1"]

1. d4 Nf6 2. c4 c5 3. d5 b5 4. b3 g6 5. Qc2 Bg7 6. Bb2 0-0 7. Nd2 d6 8. e4 Nbd7 9. cxb5 a6 10. bxa6 Bxa6 11. Bxa6 Rxa6 12. f3 Qc7 13. Ne2 Rfa8 14. a3 Rb6 15. 0-0 Rab8 16. Rac1 Qb7 17. h3 Qa6 18. Rce1 c4 19. b4 Rc8 20. Nc3 Ne5 21. Ndb1 Nd3 22. Re2 Nxb2 23. Qxb2 Nh5 24. Rc2 Qa7 25. Kh2 Be5+ 26. f4 Bxf4+ 27. Rxf4 Nxf4 28. Qc1 Nd3 29. Qd2 Qd7 30. Qe3 Rbb8 31. Nd2 Ne5 32. Nf3 Nxf3+ 33. Qxf3 e6 34. e5 dxe5 35. Ne4 Qd8 36. dxe6 fxe6 37. Nc5 Qf8 38. Qxf8+ Rxf8 39. Nd7 Ra8 40. Nxf8 Kxf8 41. Rc3 Ke7 42. Kg3 Rd8 43. Rxc4 Rd3+ 44. Kg4 Rd4+ 45. Rxd4 exd4 46. Kf4 e5+ 47. Ke4 Kd6 48. a4 Kc6 49. Kd3 Kd5 50. a5 e4+ 51. Kd2 e3+ 52. Kd3 Kc6 1/2-1/2

[Event "Barcelona Vila de Gracia op 9th"]
[Site "Barcelona"]
[Date "2015.10.02"]
[Round "1"]
[White "Capellades Subirana, Marc"]
[Black "Marquinez Costa, Victor"]
[Result "1-0"]
[WhiteElo "2327"]
[BlackElo "1967"]
[PlyCount "98"]
[EventDate "2015.10.02"]
[EventType "swiss"]
[EventRounds "9"]
[EventCountry "ESP"]
[SourceTitle "CBM 169 Extra"]
[Source "ChessBase"]
[SourceDate "2015.12.18"]
[SourceVersion "1"]
[SourceVersionDate "2015.12.18"]
[SourceQuality "1"]

1. e4 e6 2. d4 d5 3. e5 c5 4. c3 Nc6 5. Nf3 Qb6 6. a3 cxd4 7. cxd4 Nh6 8. b4 Nf5 9. Bb2 Bd7 10. Be2 Be7 11. 0-0 Rc8 12. Qd3 Na5 13. Nbd2 Nc4 14. Nxc4 Rxc4 15. Nd2 Rc8 16. Nb3 a6 17. Rfc1 0-0 18. Nc5 Bb5 19. Qd2 Bxe2 20. Qxe2 Qa7 21. h3 Rc7 22. g4 Nh6 23. Rc3 Rfc8 24. Rac1 a5 25. Qb5 b6 26. Na4 axb4 27. axb4 Rxc3 28. Rxc3 Rxc3 29. Bxc3 g6 30. Nxb6 Kg7 31. Na4 Ng8 32. Qa5 Qb8 33. b5 Bd8 34. b6 Ne7 35. Qa7 Nc6 36. Qxb8 Nxb8 37. Bb4 Nd7 38. Bc5 f6 39. f4 fxe5 40. fxe5 g5 41. b7 Bc7 42. Nb6 Nb8 43. Na8 Ba5 44. Bd6 Nc6 45. b8Q Nxb8 46. Bxb8 Bc3 47. Ba7 Ba5 48. Nb6 Kg6 49. Nd7 Bc3 1-0

[Event "Barcelona Tres Peons op 16th"]
[Site "Barcelona"]
[Date "2015.03.06"]
[Round "8"]
[White "Marquinez Costa, Victor"]
[Black "Cervello Tost, Roger"]
[Result "0-1"]
[WhiteElo "1964"]
[BlackElo "2150"]
[PlyCount "54"]
[EventDate "2015.01.16"]
[EventType "swiss"]
[EventRounds "9"]
[EventCountry "ESP"]
[SourceTitle "EXT 2016"]
[Source "ChessBase"]
[SourceDate "2015.10.08"]
[SourceVersion "1"]
[SourceVersionDate "2015.10.08"]
[SourceQuality "1"]

1. d4 d5 2. c4 e6 3. Nf3 Nf6 4. Bg5 Nbd7 5. Nc3 c6 6. e3 Qa5 7. Bxf6 Nxf6 8. Bd3 Bb4 9. Qc2 dxc4 10. Bxc4 Nd5 11. Rc1 b5 12. Bb3 Bb7 13. 0-0 0-0 14. Ne4 h6 15. Nc5 Bxc5 16. Qxc5 Rac8 17. a3 a6 18. Ba2 Qd8 19. Ne5 Qe8 20. Bb1 a5 21. Qc2 f5 22. Nd3 Nf6 23. Nc5 Qe7 24. Ba2 Nd5 25. e4 Nf4 26. exf5 Qg5 27. Nxe6 Qxg2# 0-1

[Event "Barcelona Tres Peons op 16th"]
[Site "Barcelona"]
[Date "2015.01.23"]
[Round "2"]
[White "Marquinez Costa, Victor"]
[Black "Perez Manas, Benjamin"]
[Result "0-1"]
[WhiteElo "1964"]
[BlackElo "2375"]
[PlyCount "81"]
[EventDate "2015.01.16"]
[EventType "swiss"]
[EventRounds "9"]
[EventCountry "ESP"]
[SourceTitle "EXT 2016"]
[Source "ChessBase"]
[SourceDate "2015.10.08"]
[SourceVersion "1"]
[SourceVersionDate "2015.10.08"]
[SourceQuality "1"]

1. d4 d5 2. c4 Nc6 3. e3 e5 4. cxd5 Qxd5 5. Nc3 Bb4 6. Bd2 Bxc3 7. bxc3 Nf6 8. c4 Qd6 9. d5 Ne7 10. Be2 0-0 11. Nf3 Ne4 12. Qc2 f5 13. a3 a5 14. Bc1 Nc5 15. Bb2 e4 16. Be5 Qg6 17. Nh4 Qh6 18. g3 g5 19. Ng2 Ng6 20. Bxc7 Qg7 21. Rd1 Qxc7 22. h4 g4 23. Nf4 Nxf4 24. exf4 Bd7 25. Qc3 a4 26. 0-0 Ra6 27. Rd2 Rb6 28. Rfd1 Qd6 29. Qe5 Re8 30. Qxd6 Rxd6 31. Rb2 Kf7 32. Kf1 Ke7 33. Rc2 Rb6 34. Rc3 Kd6 35. Rdc1 Ra8 36. Ke1 Rb3 37. Kd2 Ra6 38. Bd1 Rxc3 39. Rxc3 Rb6 40. Bc2 Nb3+ 41. Bxb3 0-1

[Event "Barcelona Vila Gracia op 8th"]
[Site "Barcelona"]
[Date "2014.11.07"]
[Round "7.8"]
[White "Chalmeta Ugas, Jordi Ramon"]
[Black "Marquinez Costa, Victor"]
[Result "1-0"]
[WhiteElo "2290"]
[BlackElo "1903"]
[PlyCount "71"]
[EventDate "2014.09.26"]
[EventType "swiss"]
[EventRounds "9"]
[EventCountry "ESP"]
[SourceTitle "EXT 2024"]
[Source "ChessBase"]
[SourceDate "2023.10.10"]
[SourceVersion "1"]
[SourceVersionDate "2023.10.10"]
[SourceQuality "1"]

1. d4 Nf6 2. c4 g6 3. Nc3 Bg7 4. e4 d6 5. Be2 0-0 6. Nf3 c5 7. d5 Nbd7 8. h3 Re8 9. Bf4 a6 10. a4 Qc7 11. 0-0 Nh5 12. Bh2 Bh6 13. Ne1 Nf4 14. Bxf4 Bxf4 15. Nd3 Bh6 16. f4 Bg7 17. Qd2 Bd4+ 18. Kh1 Qa5 19. Rac1 Nf6 20. Bf3 e5 21. fxe5 dxe5 22. Qc2 Bd7 23. b3 Bxc3 24. Qxc3 Qxc3 25. Rxc3 Rac8 26. a5 Kg7 27. Rb1 Re7 28. b4 cxb4 29. Rxb4 Nxd5 30. exd5 e4 31. Rxb7 exf3 32. gxf3 Rd8 33. Nc5 Re1+ 34. Kh2 Bf5 35. Nxa6 Rde8 36. Rb2 1-0